[Event "SEMI ECT 5-B email"]
[Site "SEMI email"]
[Date "2000.10.10"]
[Round "?"]
[White "Wiedner, John"]
[Black "Buczarski, Ryszard"]
[Result "0-1"]
[WhiteElo "1000"]
[BlackElo "1000"]
[PlyCount "20"]
[EventDate "2000.10.10"]
[EventType "tourn (corr)"]
[EventRounds "8"]
[EventCountry "ITA"]
[SourceTitle "Corr 2008"]
[Source "ChessBase"]
[SourceDate "2008.06.24"]
[SourceVersion "1"]
[SourceVersionDate "2008.06.24"]
[SourceQuality "1"]

1. e4 c5 2. Nc3 Nc6 3. Nd5 e6 4. Nf4 Nf6 5. c3 Nxe4 6. Bd3 Nf6 7. Nf3 e5 8. Ne2 e4 9. Bxe4 Nxe4 10. d3 Nf6 0-1